000 00553nam a2200193 a 4500
001 2520
003 CDMR
005 20130610120628.0
008 130130s1985||||||||||||||||||||||||||||d
040 _aCDMR
_bcat
_cCDMR
100 1 _aIbáñez Escofet, Manuel
_91203
245 1 4 _aLes arrels i les fulles
_cManuel Ibáñez Escofet
260 _aBarcelona
_c1985
_bEdicions 62
300 _a172 p ;
_c18 cm
490 0 _aLlibres a l'abast
_v204
650 0 4 _aPeriodistes catalans
_vRecull d'escrits
_93727
700 1 _aPujol, Jordi
_epr.
_9116
942 _cMON
_2udc
999 _c2520
_d2520